[Event "Classic Open"]
[Site "Estonia Resort Hotel & Spa conference center, Parnu, EE"]
[Date "2025.08.16"]
[Round "9"]
[White "Haitin, Ilja"]
[Black "Kostov, Deyan Samuil"]
[Result "1-0"]
[Board "9"]
[WhiteFideId "4501764"]
[BlackFideId "30909015"]
[WhiteTitle "FM"]
[BlackTitle "FM"]
[WhiteElo "2239"]
[BlackElo "2368"]
[WhiteTeam "EST"]
[BlackTeam "BUL"]
[WhiteClock "0:05:10"]
[BlackClock "0:14:11"]
[Variant "Standard"]

1. e4 {[%clk 1:23:22]}  c5 {[%clk 1:30:50]} 2. d4 {[%clk 1:23:50]}  cxd4 {[%clk 1:30:10]} 3. Qxd4 {[%clk 1:24:16]}  Nc6 {[%clk 1:30:17]} 4. Qd3 {[%clk 1:24:43]}  d6 {[%clk 1:30:05]} 5. Nc3 {[%clk 1:25:09]}  g6 {[%clk 1:30:02]} 6. Nf3 {[%clk 1:25:34]}  Bg7 {[%clk 1:30:23]} 7. Be2 {[%clk 1:26:01]}  Nf6 {[%clk 1:30:24]} 8. O-O {[%clk 1:26:26]}  O-O {[%clk 1:29:59]} 9. Nd5 {[%clk 1:26:52]}  Nd7 {[%clk 1:28:36]} 10. c3 {[%clk 1:26:13]}  b6 {[%clk 1:23:47]} 11. Bg5 {[%clk 1:25:40]}  Bb7 {[%clk 1:19:49]} 12. Rfd1 {[%clk 1:23:58]}  f6 {[%clk 1:12:48]} 13. Be3 {[%clk 1:20:23]}  Nde5 {[%clk 1:08:10]} 14. Nxe5 {[%clk 1:18:55]}  Nxe5 {[%clk 1:08:06]} 15. Qc2 {[%clk 1:18:52]}  Kh8 {[%clk 1:04:01]} 16. a4 {[%clk 1:14:27]}  f5 {[%clk 0:59:57]} 17. exf5 {[%clk 1:08:33]}  Rxf5 {[%clk 0:59:24]} 18. Qb3 {[%clk 1:08:38]}  e6 {[%clk 0:49:16]} 19. Nb4 {[%clk 1:06:31]}  Qe7 {[%clk 0:41:15]} 20. Nc2 {[%clk 1:04:34]}  Bd5 {[%clk 0:34:20]} 21. Rxd5 {[%clk 1:01:56]}  exd5 {[%clk 0:34:36]} 22. Nd4 {[%clk 1:00:14]}  Rff8 {[%clk 0:33:32]} 23. Qxd5 {[%clk 1:00:03]}  Qf7 {[%clk 0:25:58]} 24. Qxd6 {[%clk 0:53:21]}  Nc4 {[%clk 0:26:17]} 25. Bxc4 {[%clk 0:52:01]}  Qxc4 {[%clk 0:26:45]} 26. Qe6 {[%clk 0:39:05]}  Rfc8 {[%clk 0:24:39]} 27. Qxc4 {[%clk 0:37:05]}  Rxc4 {[%clk 0:25:06]} 28. a5 {[%clk 0:37:22]}  bxa5 {[%clk 0:23:51]} 29. Rxa5 {[%clk 0:37:36]}  Rb8 {[%clk 0:23:55]} 30. Nb5 {[%clk 0:31:39]}  h5 {[%clk 0:16:52]} 31. Bxa7 {[%clk 0:29:29]}  Rxb5 {[%clk 0:17:13]} 32. Rxb5 {[%clk 0:28:18]}  Ra4 {[%clk 0:16:53]} 33. g4 {[%clk 0:26:34]}  Rxa7 {[%clk 0:17:18]} 34. gxh5 {[%clk 0:26:57]}  gxh5 {[%clk 0:17:38]} 35. Rxh5+ {[%clk 0:27:22]}  Kg8 {[%clk 0:18:06]} 36. Rb5 {[%clk 0:26:34]}  Ra1+ {[%clk 0:17:43]} 37. Kg2 {[%clk 0:27:03]}  Kf7 {[%clk 0:17:17]} 38. h4 {[%clk 0:24:13]}  Rb1 {[%clk 0:16:32]} 39. c4 {[%clk 0:19:21]}  Bxb2 {[%clk 0:14:00]} 40. c5 {[%clk 0:17:55]}  Kg6 {[%clk 0:14:09]} 41. c6 {[%clk 0:17:38]}  Rc1 {[%clk 0:14:35]} 42. Rxb2 {[%clk 0:18:01]}  Rxc6 {[%clk 0:15:03]} 43. Rb5 {[%clk 0:18:09]}  Rc4 {[%clk 0:15:23]} 44. Kg3 {[%clk 0:18:27]}  Ra4 {[%clk 0:15:47]} 45. Rg5+ {[%clk 0:18:24]}  Kh6 {[%clk 0:15:51]} 46. f3 {[%clk 0:18:27]}  Rb4 {[%clk 0:16:07]} 47. Rg4 {[%clk 0:18:49]}  Rb1 {[%clk 0:16:24]} 48. Ra4 {[%clk 0:18:57]}  Kh5 {[%clk 0:15:36]} 49. Ra5+ {[%clk 0:19:15]}  Kg6 {[%clk 0:16:05]} 50. Kg4 {[%clk 0:19:22]}  Rg1+ {[%clk 0:16:20]} 51. Kf4 {[%clk 0:19:21]}  Rb1 {[%clk 0:16:31]} 52. Ra6+ {[%clk 0:16:31]}  Kh5 {[%clk 0:16:46]} 53. Re6 {[%clk 0:15:55]}  Rb4+ {[%clk 0:15:52]} 54. Kf5 {[%clk 0:11:29]}  Rb5+ {[%clk 0:15:56]} 55. Re5 {[%clk 0:08:51]}  Rb6 {[%clk 0:16:12]} 56. Re6 {[%clk 0:05:54]}  Rb5+ {[%clk 0:16:41]} 57. Kf4 {[%clk 0:06:03]}  Rb4+ {[%clk 0:17:04]} 58. Kg3 {[%clk 0:06:26]}  Ra4 {[%clk 0:17:06]} 59. Re4 {[%clk 0:05:19]}  Ra5 {[%clk 0:17:12]} 60. Rb4 {[%clk 0:05:33]}  Rc5 {[%clk 0:17:29]} 61. Rb8 {[%clk 0:05:33]}  Ra5 {[%clk 0:17:27]} 62. Rg8 {[%clk 0:04:55]}  Rb5 {[%clk 0:17:45]} 63. Ra8 {[%clk 0:05:17]}  Rc5 {[%clk 0:18:11]} 64. Rh8+ {[%clk 0:04:37]}  Kg6 {[%clk 0:18:36]} 65. Kg4 {[%clk 0:04:53]}  Rc4+ {[%clk 0:18:33]} 66. f4 {[%clk 0:04:52]}  Rc1 {[%clk 0:18:54]} 67. Rg8+ {[%clk 0:03:12]}  Kf6 {[%clk 0:18:55]} 68. Kh5 {[%clk 0:02:11]}  Rh1 {[%clk 0:18:56]} 69. Ra8 {[%clk 0:01:36]}  Rh2 {[%clk 0:19:09]} 70. Rf8+ {[%clk 0:01:27]}  Ke7 {[%clk 0:19:22]} 71. Rf5 {[%clk 0:01:14]}  Ke6 {[%clk 0:19:49]} 72. Kg6 {[%clk 0:01:08]}  Rxh4 {[%clk 0:19:52]} 73. Re5+ {[%clk 0:01:15]}  Kd6 {[%clk 0:20:14]} 74. Kg5 {[%clk 0:01:08]}  Rh8 {[%clk 0:19:21]} 75. Re4 {[%clk 0:00:58]}  Rh1 {[%clk 0:10:55]} 76. f5 {[%clk 0:01:10]}  Kd7 {[%clk 0:11:09]} 77. Kg6 {[%clk 0:01:30]}  Rg1+ {[%clk 0:11:06]} 78. Kf7 {[%clk 0:01:51]}  Kd6 {[%clk 0:11:21]} 79. f6 {[%clk 0:02:10]}  Kd7 {[%clk 0:11:42]} 80. Rd4+ {[%clk 0:02:36]}  Kc6 {[%clk 0:12:08]} 81. Ke7 {[%clk 0:02:50]}  Re1+ {[%clk 0:12:33]} 82. Kf8 {[%clk 0:03:16]}  Rf1 {[%clk 0:12:44]} 83. f7 {[%clk 0:03:41]}  Rg1 {[%clk 0:12:55]} 84. Ke7 {[%clk 0:03:58]}  Re1+ {[%clk 0:13:20]} 85. Kf6 {[%clk 0:04:25]}  Rf1 {[%clk 0:13:45]} 86. Ke6 {[%clk 0:04:47]}  Re1 {[%clk 0:14:11]} 87. Kf5 {[%clk 0:05:10]} 1-0

[Event "Classic Open"]
[Site "Estonia Resort Hotel & Spa conference center, Parnu, EE"]
[Date "2025.08.16"]
[Round "9"]
[White "Omarsson, Adam"]
[Black "Fischer, Daniel"]
[Result "0-1"]
[Board "10"]
[WhiteFideId "2311453"]
[BlackFideId "1328360"]
[WhiteTitle "CM"]
[BlackTitle "IM"]
[WhiteElo "2232"]
[BlackElo "2360"]
[WhiteTeam "ISL"]
[BlackTeam "SUI"]
[WhiteClock "0:16:21"]
[BlackClock "0:19:42"]
[Variant "Standard"]

1. d4 {[%clk 1:30:58]}  Nf6 {[%clk 1:29:38]} 2. c4 {[%clk 1:31:11]}  e6 {[%clk 1:30:03]} 3. Nc3 {[%clk 1:31:36]}  Bb4 {[%clk 1:30:30]} 4. e3 {[%clk 1:31:55]}  O-O {[%clk 1:30:55]} 5. Bd3 {[%clk 1:32:20]}  d5 {[%clk 1:31:21]} 6. a3 {[%clk 1:32:45]}  Bxc3+ {[%clk 1:31:47]} 7. bxc3 {[%clk 1:33:09]}  dxc4 {[%clk 1:32:11]} 8. Bxc4 {[%clk 1:33:33]}  c5 {[%clk 1:32:29]} 9. Ne2 {[%clk 1:32:47]}  Qc7 {[%clk 1:32:31]} 10. Bd3 {[%clk 1:33:09]}  Nc6 {[%clk 1:32:41]} 11. f4 {[%clk 1:30:18]}  b6 {[%clk 1:32:57]} 12. O-O {[%clk 1:30:41]}  Bb7 {[%clk 1:33:25]} 13. Ng3 {[%clk 1:30:45]}  Ne7 {[%clk 1:33:28]} 14. e4 {[%clk 1:30:50]}  cxd4 {[%clk 1:33:27]} 15. cxd4 {[%clk 1:31:14]}  Qc3 {[%clk 1:32:16]} 16. Ra2 {[%clk 1:31:39]}  Qxd4+ {[%clk 1:32:38]} 17. Kh1 {[%clk 1:32:04]}  Rfd8 {[%clk 1:32:17]} 18. Rd2 {[%clk 1:32:24]}  Qc5 {[%clk 1:32:06]} 19. Bb2 {[%clk 1:31:49]}  Ne8 {[%clk 1:32:13]} 20. Qe2 {[%clk 1:32:07]}  Rac8 {[%clk 1:30:55]} 21. h3 {[%clk 1:32:30]}  Rd7 {[%clk 1:23:25]} 22. Rfd1 {[%clk 1:12:31]}  Rcd8 {[%clk 1:15:35]} 23. Kh2 {[%clk 0:42:34]}  Ng6 {[%clk 1:10:05]} 24. Nh5 {[%clk 0:39:36]}  Qa5 {[%clk 0:59:04]} 25. Bxg7 {[%clk 0:23:58]}  Nxg7 {[%clk 0:44:39]} 26. Nf6+ {[%clk 0:24:23]}  Kf8 {[%clk 0:44:49]} 27. Nxh7+ {[%clk 0:19:52]}  Ke7 {[%clk 0:45:13]} 28. f5 {[%clk 0:20:17]}  Qe5+ {[%clk 0:43:36]} 29. g3 {[%clk 0:20:24]}  Nxf5 {[%clk 0:28:43]} 30. exf5 {[%clk 0:20:19]}  Rxd3 {[%clk 0:28:16]} 31. Qf2 {[%clk 0:15:57]}  Rxd2 {[%clk 0:25:18]} 32. Rxd2 {[%clk 0:16:21]}  Rxd2 {[%clk 0:19:42]} 0-1

[Event "Classic Open"]
[Site "Estonia Resort Hotel & Spa conference center, Parnu, EE"]
[Date "2025.08.16"]
[Round "9"]
[White "Tamhankar, Siddhant"]
[Black "Wartiovaara, Oliver"]
[Result "0-1"]
[Board "11"]
[WhiteFideId "5078512"]
[BlackFideId "513024"]
[BlackTitle "FM"]
[WhiteElo "1944"]
[BlackElo "2310"]
[WhiteTeam "IND"]
[BlackTeam "FIN"]
[WhiteClock "0:16:07"]
[BlackClock "0:33:28"]
[Variant "Standard"]

1. e4 {[%clk 1:27:58]}  c6 {[%clk 1:30:50]} 2. d4 {[%clk 1:28:10]}  d5 {[%clk 1:31:17]} 3. Nc3 {[%clk 1:28:25]}  dxe4 {[%clk 1:31:39]} 4. Nxe4 {[%clk 1:28:48]}  Nf6 {[%clk 1:32:04]} 5. Nxf6+ {[%clk 1:29:07]}  exf6 {[%clk 1:32:30]} 6. c3 {[%clk 1:29:30]}  Bd6 {[%clk 1:32:56]} 7. Bd3 {[%clk 1:29:55]}  O-O {[%clk 1:33:22]} 8. Qc2 {[%clk 1:29:47]}  Re8+ {[%clk 1:33:48]} 9. Ne2 {[%clk 1:30:12]}  h5 {[%clk 1:34:12]} 10. O-O {[%clk 1:30:37]}  h4 {[%clk 1:33:38]} 11. h3 {[%clk 1:30:46]}  Nd7 {[%clk 1:33:14]} 12. Bd2 {[%clk 1:30:35]}  Nf8 {[%clk 1:23:57]} 13. Rae1 {[%clk 1:30:37]}  g6 {[%clk 1:10:54]} 14. c4 {[%clk 1:27:56]}  f5 {[%clk 1:08:53]} 15. c5 {[%clk 1:20:56]}  Bc7 {[%clk 1:08:33]} 16. Qc1 {[%clk 1:20:04]}  Ne6 {[%clk 1:07:16]} 17. Bc3 {[%clk 1:14:33]}  Kh7 {[%clk 0:59:11]} 18. Bc4 {[%clk 1:12:03]}  b5 {[%clk 0:58:13]} 19. Bxe6 {[%clk 1:08:41]}  Bxe6 {[%clk 0:58:35]} 20. Nf4 {[%clk 1:06:40]}  a5 {[%clk 0:41:08]} 21. d5 {[%clk 1:00:10]}  cxd5 {[%clk 0:39:31]} 22. Bd4 {[%clk 0:51:59]}  Qg5 {[%clk 0:36:14]} 23. Nxd5 {[%clk 0:35:38]}  Qxc1 {[%clk 0:36:39]} 24. Nf6+ {[%clk 0:36:04]}  Kh6 {[%clk 0:37:02]} 25. Nxe8 {[%clk 0:36:05]}  Qxe1 {[%clk 0:36:53]} 26. Nxc7 {[%clk 0:34:10]}  Qe4 {[%clk 0:36:57]} 27. Nxb5 {[%clk 0:32:20]}  Bc4 {[%clk 0:37:06]} 28. Be3+ {[%clk 0:32:32]}  Kh7 {[%clk 0:36:13]} 29. Nd6 {[%clk 0:32:34]}  Qd3 {[%clk 0:36:04]} 30. Rc1 {[%clk 0:32:14]}  Bxa2 {[%clk 0:36:09]} 31. Bf4 {[%clk 0:31:25]}  Qd4 {[%clk 0:35:18]} 32. Be3 {[%clk 0:27:59]}  Qxb2 {[%clk 0:35:33]} 33. Rd1 {[%clk 0:27:41]}  Rg8 {[%clk 0:32:44]} 34. c6 {[%clk 0:21:52]}  Be6 {[%clk 0:33:11]} 35. c7 {[%clk 0:21:54]}  a4 {[%clk 0:32:57]} 36. Rd4 {[%clk 0:21:47]}  Qa1+ {[%clk 0:32:46]} 37. Kh2 {[%clk 0:21:28]}  g5 {[%clk 0:33:08]} 38. Rb4 {[%clk 0:16:07]}  Qe5+ {[%clk 0:33:28]} 0-1

[Event "Rapid"]
[Site "Estonia Resort Hotel & Spa conference center, Pärnu, EE"]
[Date "2025.08.17"]
[Round "1"]
[White "Laurusas, Tomas"]
[Black "Schneider, Uku"]
[Result "1-0"]
[Board "1"]
[WhiteFideId "12803731"]
[BlackFideId "4511280"]
[WhiteTitle "GM"]
[WhiteElo "2576"]
[BlackElo "1854"]
[WhiteTeam "LTU"]
[BlackTeam "EST"]
[WhiteClock "0:09:33"]
[BlackClock "0:07:00"]
[Variant "Standard"]

1. c4 {[%clk 0:15:05]}  e5 {[%clk 0:15:03]} 2. Nc3 {[%clk 0:15:06]}  Nc6 {[%clk 0:15:05]} 3. Nf3 {[%clk 0:15:08]}  f5 {[%clk 0:15:06]} 4. d4 {[%clk 0:15:00]}  e4 {[%clk 0:15:01]} 5. Bg5 {[%clk 0:14:53]}  Nf6 {[%clk 0:15:00]} 6. Ng1 {[%clk 0:14:43]}  Be7 {[%clk 0:14:56]} 7. e3 {[%clk 0:14:43]}  O-O {[%clk 0:14:55]} 8. h4 {[%clk 0:14:42]}  d6 {[%clk 0:14:50]} 9. Nh3 {[%clk 0:14:43]}  Qe8 {[%clk 0:13:58]} 10. Nf4 {[%clk 0:14:20]}  h6 {[%clk 0:13:29]} 11. Bxf6 {[%clk 0:14:16]}  Bxf6 {[%clk 0:13:31]} 12. h5 {[%clk 0:14:11]}  Ne7 {[%clk 0:13:17]} 13. Ncd5 {[%clk 0:14:06]}  Nxd5 {[%clk 0:13:07]} 14. cxd5 {[%clk 0:14:08]}  Qf7 {[%clk 0:13:00]} 15. Qb3 {[%clk 0:13:48]}  c6 {[%clk 0:12:36]} 16. Bc4 {[%clk 0:12:32]}  b5 {[%clk 0:12:38]} 17. Be2 {[%clk 0:12:34]}  cxd5 {[%clk 0:12:16]} 18. Bxb5 {[%clk 0:12:01]}  Rb8 {[%clk 0:11:19]} 19. Be8 {[%clk 0:11:58]}  Qb7 {[%clk 0:10:22]} 20. Ba4 {[%clk 0:11:59]}  Qxb3 {[%clk 0:09:31]} 21. Bxb3 {[%clk 0:12:01]}  Bb7 {[%clk 0:09:33]} 22. O-O-O {[%clk 0:11:41]}  Kh7 {[%clk 0:09:03]} 23. Kb1 {[%clk 0:10:45]}  Rfc8 {[%clk 0:08:16]} 24. Bxd5 {[%clk 0:10:31]}  Bxd5 {[%clk 0:08:12]} 25. Nxd5 {[%clk 0:10:32]}  Rb5 {[%clk 0:08:11]} 26. Nxf6+ {[%clk 0:10:03]}  gxf6 {[%clk 0:08:13]} 27. Rc1 {[%clk 0:10:05]}  Rcb8 {[%clk 0:08:15]} 28. Rc7+ {[%clk 0:10:05]}  Kg8 {[%clk 0:08:17]} 29. b3 {[%clk 0:09:48]}  R8b7 {[%clk 0:08:19]} 30. Rhc1 {[%clk 0:09:37]}  a5 {[%clk 0:07:56]} 31. Rxb7 {[%clk 0:09:33]}  Rxb7 {[%clk 0:07:58]} 32. Rc6 {[%clk 0:09:35]}  a4 {[%clk 0:07:02]} 33. Rxd6 {[%clk 0:09:32]}  axb3 {[%clk 0:07:02]} 34. Rxf6 {[%clk 0:09:32]}  bxa2+ {[%clk 0:07:00]} 35. Kxa2 {[%clk 0:09:33]} 1-0

[Event "Rapid"]
[Site "Estonia Resort Hotel & Spa conference center, Pärnu, EE"]
[Date "2025.08.17"]
[Round "1"]
[White "Meshkovs, Nikita"]
[Black "Leht, Karl Samuel"]
[Result "1-0"]
[Board "3"]
[WhiteFideId "11602740"]
[BlackFideId "4520840"]
[WhiteTitle "GM"]
[WhiteElo "2552"]
[BlackElo "1825"]
[WhiteTeam "LAT"]
[BlackTeam "EST"]
[WhiteClock "0:11:14"]
[BlackClock "0:06:48"]
[Variant "Standard"]

1. Nf3 {[%clk 0:15:04]}  Nf6 {[%clk 0:15:05]} 2. c4 {[%clk 0:15:05]}  c5 {[%clk 0:15:05]} 3. d4 {[%clk 0:14:56]}  cxd4 {[%clk 0:15:05]} 4. Nxd4 {[%clk 0:14:57]}  Nc6 {[%clk 0:14:58]} 5. Nc3 {[%clk 0:14:58]}  e6 {[%clk 0:14:50]} 6. g3 {[%clk 0:14:51]}  Bb4 {[%clk 0:14:47]} 7. Bg2 {[%clk 0:14:37]}  O-O {[%clk 0:14:28]} 8. O-O {[%clk 0:14:38]}  a6 {[%clk 0:13:34]} 9. Na4 {[%clk 0:13:26]}  Qc7 {[%clk 0:12:58]} 10. Nxc6 {[%clk 0:12:51]}  bxc6 {[%clk 0:12:21]} 11. c5 {[%clk 0:12:51]}  Qb7 {[%clk 0:12:20]} 12. Bf4 {[%clk 0:12:31]}  Nd5 {[%clk 0:12:01]} 13. Bd6 {[%clk 0:12:30]}  Re8 {[%clk 0:11:57]} 14. e4 {[%clk 0:12:30]}  Ne7 {[%clk 0:10:42]} 15. Nb6 {[%clk 0:11:56]}  Ra7 {[%clk 0:10:26]} 16. Nc4 {[%clk 0:11:57]}  Qb5 {[%clk 0:09:30]} 17. Rc1 {[%clk 0:11:57]}  f5 {[%clk 0:08:14]} 18. Qb3 {[%clk 0:11:20]}  Rb7 {[%clk 0:07:11]} 19. Bxe7 {[%clk 0:11:13]}  Rxe7 {[%clk 0:07:08]} 20. Nd6 {[%clk 0:11:15]}  Qa5 {[%clk 0:06:48]} 21. Nxc8 {[%clk 0:11:14]} 1-0

[Event "Rapid"]
[Site "Estonia Resort Hotel & Spa conference center, Pärnu, EE"]
[Date "2025.08.17"]
[Round "1"]
[White "Pallum, Rasmus"]
[Black "Keinanen, Toivo"]
[Result "0-1"]
[Board "4"]
[WhiteFideId "4511417"]
[BlackFideId "509825"]
[BlackTitle "IM"]
[WhiteElo "1822"]
[BlackElo "2526"]
[WhiteTeam "EST"]
[BlackTeam "FIN"]
[WhiteClock "0:06:35"]
[BlackClock "0:13:29"]
[Variant "Standard"]

1. e4 {[%clk 0:15:04]}  c5 {[%clk 0:14:55]} 2. Nf3 {[%clk 0:15:04]}  g6 {[%clk 0:14:57]} 3. d4 {[%clk 0:15:04]}  cxd4 {[%clk 0:14:57]} 4. Nxd4 {[%clk 0:15:06]}  Bg7 {[%clk 0:15:00]} 5. c4 {[%clk 0:14:40]}  Qb6 {[%clk 0:15:02]} 6. Nb3 {[%clk 0:14:20]}  Qc7 {[%clk 0:15:03]} 7. Nc3 {[%clk 0:14:03]}  Bxc3+ {[%clk 0:15:05]} 8. bxc3 {[%clk 0:14:04]}  Nf6 {[%clk 0:15:07]} 9. Bd3 {[%clk 0:13:45]}  d6 {[%clk 0:15:06]} 10. O-O {[%clk 0:12:23]}  Be6 {[%clk 0:15:01]} 11. Nd4 {[%clk 0:11:27]}  Nbd7 {[%clk 0:14:42]} 12. Nxe6 {[%clk 0:10:57]}  fxe6 {[%clk 0:14:44]} 13. f4 {[%clk 0:08:43]}  Nc5 {[%clk 0:14:32]} 14. Re1 {[%clk 0:08:09]}  Nxd3 {[%clk 0:14:15]} 15. Qxd3 {[%clk 0:08:11]}  Rc8 {[%clk 0:14:17]} 16. e5 {[%clk 0:07:30]}  dxe5 {[%clk 0:14:15]} 17. Rxe5 {[%clk 0:07:29]}  Qxc4 {[%clk 0:13:50]} 18. Qxc4 {[%clk 0:07:25]}  Rxc4 {[%clk 0:13:52]} 19. Rxe6 {[%clk 0:07:20]}  Kf7 {[%clk 0:13:54]} 20. Re3 {[%clk 0:07:15]}  Rd8 {[%clk 0:13:31]} 21. Rb1 {[%clk 0:06:44]}  Rd1+ {[%clk 0:13:25]} 22. Kf2 {[%clk 0:06:46]}  Ng4+ {[%clk 0:13:27]} 23. Ke2 {[%clk 0:06:35]}  Nxe3 {[%clk 0:13:29]} 0-1

[Event "Rapid"]
[Site "Estonia Resort Hotel & Spa conference center, Pärnu, EE"]
[Date "2025.08.17"]
[Round "1"]
[White "Kazakouski, Valery"]
[Black "Cibulskyte, Smilte"]
[Result "1-0"]
[Board "5"]
[WhiteFideId "13507443"]
[BlackFideId "12836770"]
[WhiteTitle "GM"]
[WhiteElo "2523"]
[BlackElo "1810"]
[WhiteTeam "LTU"]
[BlackTeam "LTU"]
[WhiteClock "0:06:34"]
[BlackClock "0:03:19"]
[Variant "Standard"]

1. e4 {[%clk 0:15:04]}  e5 {[%clk 0:15:05]} 2. Nf3 {[%clk 0:15:05]}  Nc6 {[%clk 0:15:07]} 3. Bc4 {[%clk 0:15:01]}  Bc5 {[%clk 0:15:07]} 4. c3 {[%clk 0:15:02]}  Nf6 {[%clk 0:15:09]} 5. d3 {[%clk 0:15:02]}  O-O {[%clk 0:15:05]} 6. O-O {[%clk 0:15:02]}  d6 {[%clk 0:15:05]} 7. h3 {[%clk 0:15:01]}  Be6 {[%clk 0:15:04]} 8. Bxe6 {[%clk 0:14:17]}  fxe6 {[%clk 0:15:05]} 9. a4 {[%clk 0:14:13]}  a5 {[%clk 0:15:01]} 10. Nbd2 {[%clk 0:14:14]}  Bb6 {[%clk 0:14:36]} 11. Re1 {[%clk 0:14:10]}  Ne7 {[%clk 0:14:19]} 12. Nf1 {[%clk 0:13:05]}  Ng6 {[%clk 0:14:14]} 13. N1h2 {[%clk 0:13:03]}  Nh5 {[%clk 0:13:20]} 14. Be3 {[%clk 0:12:51]}  Bxe3 {[%clk 0:12:38]} 15. Rxe3 {[%clk 0:12:50]}  Nhf4 {[%clk 0:12:36]} 16. Qb3 {[%clk 0:12:06]}  b6 {[%clk 0:10:50]} 17. Rf1 {[%clk 0:11:44]}  Qe7 {[%clk 0:10:19]} 18. Kh1 {[%clk 0:11:11]}  Kh8 {[%clk 0:10:18]} 19. h4 {[%clk 0:10:37]}  Nh5 {[%clk 0:08:47]} 20. g3 {[%clk 0:10:23]}  Rf7 {[%clk 0:08:21]} 21. Ng5 {[%clk 0:09:59]}  Rf6 {[%clk 0:08:12]} 22. Qd1 {[%clk 0:09:59]}  Nhf4 {[%clk 0:07:26]} 23. gxf4 {[%clk 0:09:47]}  Nxf4 {[%clk 0:07:07]} 24. Nh3 {[%clk 0:08:57]}  Rh6 {[%clk 0:06:47]} 25. Nxf4 {[%clk 0:08:41]}  exf4 {[%clk 0:06:48]} 26. Rh3 {[%clk 0:08:40]}  Rxh4 {[%clk 0:06:36]} 27. Rxh4 {[%clk 0:08:40]}  Qxh4 {[%clk 0:06:37]} 28. Qg4 {[%clk 0:08:38]}  Qf6 {[%clk 0:06:23]} 29. Nf3 {[%clk 0:08:35]}  Rf8 {[%clk 0:06:08]} 30. Rg1 {[%clk 0:08:31]}  Qe7 {[%clk 0:05:47]} 31. Rg2 {[%clk 0:08:14]}  Rf6 {[%clk 0:05:26]} 32. Kg1 {[%clk 0:07:30]}  Qf7 {[%clk 0:04:56]} 33. d4 {[%clk 0:07:00]}  Rg6 {[%clk 0:04:10]} 34. Ng5 {[%clk 0:06:41]}  Qf6 {[%clk 0:04:05]} 35. Qh5 {[%clk 0:06:40]}  h6 {[%clk 0:03:18]} 36. Nf7+ {[%clk 0:06:35]}  Qxf7 {[%clk 0:03:19]} 37. Qxg6 {[%clk 0:06:34]} 1-0

[Event "Rapid"]
[Site "Estonia Resort Hotel & Spa conference center, Pärnu, EE"]
[Date "2025.08.17"]
[Round "1"]
[White "Glek, Igor"]
[Black "Zafra, Kim"]
[Result "1-0"]
[Board "7"]
[WhiteFideId "4100484"]
[BlackFideId "5267080"]
[WhiteTitle "GM"]
[WhiteElo "2439"]
[BlackElo "1802"]
[WhiteTeam "BEL"]
[BlackTeam "PHI"]
[WhiteClock "0:12:17"]
[BlackClock "0:05:26"]
[Variant "Standard"]

1. e4 {[%clk 0:15:05]}  c6 {[%clk 0:15:05]} 2. c4 {[%clk 0:15:07]}  d6 {[%clk 0:15:02]} 3. d4 {[%clk 0:15:08]}  Nf6 {[%clk 0:15:02]} 4. Nc3 {[%clk 0:15:10]}  g6 {[%clk 0:15:04]} 5. f4 {[%clk 0:15:10]}  Qa5 {[%clk 0:14:24]} 6. e5 {[%clk 0:14:38]}  Ne4 {[%clk 0:14:12]} 7. Qf3 {[%clk 0:14:32]}  Nxc3 {[%clk 0:13:57]} 8. Qxc3 {[%clk 0:14:33]}  Qxc3+ {[%clk 0:13:43]} 9. bxc3 {[%clk 0:14:34]}  Bh6 {[%clk 0:12:43]} 10. Nf3 {[%clk 0:14:31]}  Bg4 {[%clk 0:12:36]} 11. Be2 {[%clk 0:14:33]}  dxe5 {[%clk 0:12:29]} 12. fxe5 {[%clk 0:14:33]}  Bxc1 {[%clk 0:12:30]} 13. Rxc1 {[%clk 0:14:34]}  Kd7 {[%clk 0:09:54]} 14. Ng5 {[%clk 0:14:17]}  Bxe2 {[%clk 0:09:49]} 15. Kxe2 {[%clk 0:14:18]}  f6 {[%clk 0:09:16]} 16. e6+ {[%clk 0:14:16]}  Kd6 {[%clk 0:09:00]} 17. Nf7+ {[%clk 0:14:17]}  Kxe6 {[%clk 0:08:58]} 18. Nxh8 {[%clk 0:14:18]}  Nd7 {[%clk 0:08:38]} 19. d5+ {[%clk 0:14:13]}  cxd5 {[%clk 0:08:30]} 20. cxd5+ {[%clk 0:14:14]}  Kf5 {[%clk 0:08:15]} 21. Rhf1+ {[%clk 0:13:33]}  Kg5 {[%clk 0:08:18]} 22. Nf7+ {[%clk 0:13:34]}  Kh5 {[%clk 0:08:18]} 23. Rf3 {[%clk 0:13:17]}  g5 {[%clk 0:08:06]} 24. Rh3+ {[%clk 0:13:14]}  Kg6 {[%clk 0:08:08]} 25. Nh6 {[%clk 0:13:16]}  f5 {[%clk 0:08:01]} 26. g4 {[%clk 0:13:14]}  fxg4 {[%clk 0:07:40]} 27. Nxg4 {[%clk 0:13:15]}  h5 {[%clk 0:07:42]} 28. Nf2 {[%clk 0:13:14]}  Nf6 {[%clk 0:06:41]} 29. c4 {[%clk 0:13:16]}  Rc8 {[%clk 0:06:44]} 30. Rhc3 {[%clk 0:12:32]}  g4 {[%clk 0:06:32]} 31. Ke3 {[%clk 0:12:17]}  b5 {[%clk 0:06:21]} 32. Ne4 {[%clk 0:12:17]}  bxc4 {[%clk 0:06:09]} 33. Nxf6 {[%clk 0:12:17]}  exf6 {[%clk 0:06:06]} 34. Rxc4 {[%clk 0:12:17]}  Rd8 {[%clk 0:05:59]} 35. Kd4 {[%clk 0:12:11]}  f5 {[%clk 0:05:55]} 36. Rc8 {[%clk 0:12:12]}  Rd7 {[%clk 0:05:39]} 37. R1c7 {[%clk 0:12:14]}  Rxc7 {[%clk 0:05:40]} 38. Rxc7 {[%clk 0:12:15]}  h4 {[%clk 0:05:28]} 39. Ke5 {[%clk 0:12:15]}  g3 {[%clk 0:05:27]} 40. hxg3 {[%clk 0:12:16]}  hxg3 {[%clk 0:05:26]} 41. Rc3 {[%clk 0:12:17]} 1-0